Top 15 Countries with Covid-19 Deaths - 12 January 2022 - Statistics

General Stats
  • This quiz has been taken 33 times
  • The average score is 13 of 27
Answer Stats
country % Correct
United States
100%
India
90%
United Kingdom
90%
Russia
87%
Germany
84%
France
81%
Brazil
74%
Mexico
74%
Italy
65%
Argentina
58%
Indonesia
58%
Peru
45%
Poland
45%
Iran
42%
Colombia
39%
Czechia
29%
Romania
29%
Croatia
26%
Slovakia
26%
Bosnia and Herzegovina
23%
Bulgaria
23%
Hungary
23%
Slovenia
23%
North Macedonia
13%
Armenia
10%
Georgia
10%
Lithuania
10%
No matching quizzes found
Score Distribution
Percent of People with Each Score
Percentile by Number Answered
Your Score History
You have not taken this quiz